Phần mềm toán học Maple và ứng dụng dạy và học môn toán THCS
Tìm các chức năng của Maple hệ thống hóa nội dung toán trong trung học cơ sở. Ứng dụng Maple trong dạy và học toán trung học cơ sở.
שמור ב:
| מחבר ראשי: | |
|---|---|
| מחברים אחרים: | |
| פורמט: | ספר |
| שפה: | Vietnamese |
| יצא לאור: |
Đà Nẵng
Đại học Đà Nẵng
2015
|
| נושאים: | |
| תגים: |
הוספת תג
אין תגיות, היה/י הראשונ/ה לתייג את הרשומה!
|
| Thư viện lưu trữ: | Mạng thư viện Đại học Đà Nẵng |
|---|
| LEADER | 01663nam a2200361 4500 | ||
|---|---|---|---|
| 001 | 000020198 | ||
| 003 | 16643 | ||
| 005 | 20150317100352.0 | ||
| 008 | 150309s2015 viesd | ||
| 041 | |a vie | ||
| 082 | 1 | 4 | |a 510.785 |b SI-K |
| 100 | 1 | |a Sivilay Kongsamay | |
| 245 | 1 | |a Phần mềm toán học Maple và ứng dụng dạy và học môn toán THCS |c Sivilay Kongsamay ; Trần Quốc Chiến hướng dẫn. |k Luận văn Thạc sĩ | |
| 260 | |a Đà Nẵng |b Đại học Đà Nẵng |c 2015 | ||
| 300 | |a 68 tr., phụ lục 3 tr. |c 29 cm. |e Tóm tắt | ||
| 500 | |a Luận văn thạc sĩ Khoa học. Chuyên ngành: Phương pháp toán sơ cấp. Mã số: 60.46.40. | ||
| 520 | 3 | |a Tìm các chức năng của Maple hệ thống hóa nội dung toán trong trung học cơ sở. Ứng dụng Maple trong dạy và học toán trung học cơ sở. | |
| 650 | 0 | 4 | |a Toán học |v Luận văn tốt nghiệp |x Ứng dụng phần mềm toán học Maple |
| 653 | |a Phần mềm toán học Maple | ||
| 653 | |a Phương trình | ||
| 653 | |a Phương pháp toán sơ cấp | ||
| 653 | |a Hệ phương trình | ||
| 700 | 1 | |a Trần Quốc Chiến |c PGS.TSKH |e Hướng dẫn | |
| OWN | |a LSP | ||
| AVA | |a UDN50 |b LSP |d 510.785 SI-K |e available |t Error 5001 Not defined in file expand_doc_bib_avail. |f 1 |g 0 |h N |i 0 |k 1 | ||
| 999 | |a From the UDN01 | ||
| AVA | |a UDN50 |b LSP |d 510.785 SI-K |e available |t Error 5001 Not defined in file expand_doc_bib_avail. |f 1 |g 0 |h N |i 0 |k 1 | ||
| TYP | |a Monograph | ||
| TYP | |a Printed language | ||
| 980 | |a Mạng thư viện Đại học Đà Nẵng | ||